NFL 2022-2023 Top 3 Receiving Yarders From Each Team - Statistics

General Stats
  • This quiz has been taken 238 times
  • The average score is 64 of 96
Answer Stats
Team Yardage Players % Correct
49ers 632 Deebo Samuel
97%
Bills 1,429 Stefon Diggs
97%
Lions 1,161 Amon-Ra St. Brown
95%
Bears 323 Equanimeous St. Brown
95%
Bengals 1,046 Ja'Marr Chase
95%
Eagles 1,496 A.J. Brown
94%
Commanders 656 Curtis Samuel
94%
Cardinals 709 Marquise Brown
94%
Cowboys 555 Noah Brown
94%
Bengals 1,029 Tee Higgins
92%
49ers 1,015 Brandon Aiyuk
90%
Eagles 1,196 DeVonta Smith
90%
49ers 765 George Kittle
90%
Chiefs 933 JuJu Smith-Schuster
90%
Panthers 296 Shi Smith
90%
Dolphins 1,710 Tyreek Hill
90%
Browns 1,160 Amari Cooper
89%
Broncos 972 Jerry Jeudy
89%
Buccaneers 1,124 Mike Evans
89%
Chiefs 1,338 Travis Kelce
89%
Buccaneers 1,023 Chris Godwin
88%
Texans 548 Chris Moore
88%
Panthers 888 DJ Moore
88%
Cowboys 1,359 CeeDee Lamb
87%
Jets 536 Corey Davis
87%
Bills 836 Gabe Davis
87%
Broncos 829 Courtland Sutton
86%
Cardinals 717 DeAndre Hopkins
86%
Dolphins 1,356 Jaylen Waddle
86%
Chargers 752 Keenan Allen
86%
Raiders 1,516 Davante Adams
85%
Seahawks 1,048 DK Metcalf
85%
Vikings 1,809 Justin Jefferson
85%
Chargers 895 Mike Williams
85%
Commanders 1,191 Terry McLaurin
85%
Browns 839 Donovan Peoples-Jones
84%
Jets 1,103 Garrett Wilson
84%
Rams 812 Cooper Kupp
82%
Colts 925 Michael Pittman Jr.
82%
Bengals 762 Tyler Boyd
82%
Bears 493 Darnell Mooney
81%
Seahawks 1,033 Tyler Lockett
81%
Jaguars 823 Zay Jones
80%
Saints 1,042 Chris Olave
78%
Steelers 882 Diontae Johnson
78%
Saints 508 Juwan Johnson
78%
Jaguars 1,108 Christian Kirk
77%
Vikings 716 Adam Thielen
74%
Bills 517 Dawson Knox
74%
Falcons 866 Drake London
74%
Packers 611 Christian Watson
73%
Texans 699 Brandin Cooks
69%
Bears 544 Cole Kmet
69%
Steelers 801 George Pickens
69%
Ravens 458 Demarcus Robinson
68%
Ravens 847 Mark Andrews
68%
Falcons 356 Kyle Pitts
67%
Packers 788 Allen Lazard
66%
Eagles 702 Dallas Goedert
66%
Patriots 509 Hunter Henry
64%
Cowboys 577 Dalton Schultz
63%
Browns 628 David Njoku
61%
Giants 724 Darius Slayton
60%
Jaguars 766 Evan Engram
60%
Patriots 804 Jakobi Meyers
58%
Commanders 523 Jahan Dotson
57%
Seahawks 486 Noah Fant
55%
Titans 527 Robert Woods
54%
Colts 593 Alec Pierce
52%
Titans 444 Treylon Burks/Austin Hooper
51%
Lions 502 DJ Chark
50%
Chiefs 687 Marquez Valdes-Scantling
50%
Chargers 769 Joshua Palmer
47%
Vikings 650 K.J. Osborn
47%
Rams 620 Tyler Higbee
47%
Patriots 539 DeVante Parker
43%
Steelers 732 Pat Freiermuth
42%
Packers 470 Robert Tonyan
40%
Colts 623 Parris Campbell
36%
Ravens 407 Devin Duvernay
35%
Saints 490 Alvin Kamara
34%
Jets 552 Tyler Conklin
34%
Buccaneers 523 Leonard Fournette
32%
Raiders 690 Mack Hollins
32%
Giants 351 Isaiah Hodgins
31%
Giants 569 Richie James
29%
Flacons 533 Olamide Zaccheaus
28%
Lions 616 Kalif Raymond
27%
Broncos 411 Greg Dulcich
26%
Panthers 490 Terrace Marshall Jr.
22%
Cardinals 467 Greg Dortch
19%
Raiders 420 Foster Moreau
16%
Dolphins 417 Trent Sherfield
15%
Titans 450 Chigoziem Okonkwo
13%
Rams 376 Ben Skowronek
12%
Texans 495 Jordan Akins
10%
No matching quizzes found
Score Distribution
Percent of People with Each Score
Percentile by Number Answered
Your Score History
You have not taken this quiz